| 000 | 00412nam a2200133Ia 4500 | ||
|---|---|---|---|
| 008 | 201002s9999 xx 000 0 und d | ||
| 020 | _a978-143-801-069-4 | ||
| 100 | _aWeseley, Allyson j. | ||
| 245 |
_cAllyson J. Weseley, Robert McEntarffer _aBarron's AP psychology/ |
||
| 250 | _a8th ed. | ||
| 260 |
_aNew York: _bBarron's Educational Series _c2018 |
||
| 300 |
_axiii, 358 pages _c30 cm. |
||
| 650 | _aPsychology | ||
| 999 |
_c364672 _d364672 |
||